| 000 | 01710nam0a22003851 4500 | ||
|---|---|---|---|
| 001 | rc\344416 | ||
| 005 | 20030307123313.2 | ||
| 010 |
_a5-265-00573-0 _930000 |
||
| 035 | _a(NLR Aleph) 005587802 | ||
| 090 |
_a6180290 _c6180290 |
||
| 100 | _a20030307d1989 u |0rusy50 ca | ||
| 101 | 0 | _arus | |
| 102 | _aRU | ||
| 105 | _aa ||||||||| | ||
| 200 | 1 |
_aУгол Пекарской и Котовского _eПовести и рассказы _fМарк Кравец _g[Худож. С. Бейдерман] |
|
| 210 |
_aМ. _cСов. писатель _d1989 |
||
| 215 |
_a328, [3] с. _cил. _d20 |
||
| 327 | 1 | _aСодерж.: Повести в рассказах: Сережкины дела; Открытый вопрос; Угол Пекарской и Котовского; Рассказы: Астрономия; Уроки волейбола; Еще год; Хванчкара; Надя; Горячий кипяток; Я тебя подожду; Запасной вариант | |
| 464 | 0 | _12001#$aСережкины дела | |
| 464 | 0 | _12001#$aОткрытый вопрос | |
| 464 | 0 | _12001#$aУгол Пекарской и Котовского | |
| 464 | 0 | _12001#$aАстрономия | |
| 464 | 0 | _12001#$aУроки волейбола | |
| 464 | 0 | _12001#$aЕще год | |
| 464 | 0 | _12001#$aХванчкара | |
| 464 | 0 | _12001#$aНадя | |
| 464 | 0 | _12001#$aГорячий кипяток | |
| 464 | 0 | _12001#$aЯ тебя подожду | |
| 464 | 0 | _12001#$aЗапасной вариант | |
| 700 | 1 |
_aКравец _bМ. С. _f1938- _gМарк Семенович |
|
| 801 | 0 |
_aRU _bNLR _gpsbo |
|
| 801 | 1 |
_aRU _bELAR _2rusmarc |
|
| 852 |
_aNLR _j89-3/5265 |
||
| 942 | _cBOOK | ||
| 980 | _aNB | ||